Top 20 Safest Countries in the World - Statistics

General Stats
  • This quiz has been taken 46 times
  • The average score is 15 of 20
Answer Stats
Rank Answer % Correct
5 Norway
95%
6 Denmark
90%
7 Finland
90%
1 Iceland
90%
17 Canada
88%
3 Japan
86%
8 Switzerland
86%
18 Australia
83%
16 New Zealand
83%
9 Austria
79%
13 Ireland
76%
2 Singapore
74%
19 Germany
71%
20 Belgium
67%
11 Portugal
62%
12 Czech Republic
60%
15 Hungary
60%
10 Slovenia
60%
14 Croatia
50%
4 Bhutan
12%
No matching quizzes found
Score Distribution
Percent of People with Each Score
Percentile by Number Answered
Your Score History
You have not taken this quiz